<?xml version="1.0" encoding="UTF-8"?>
<record
    xmlns:xsi="http://www.w3.org/2001/XMLSchema-instance"
    xsi:schemaLocation="http://www.loc.gov/MARC21/slim http://www.loc.gov/standards/marcxml/schema/MARC21slim.xsd"
    xmlns="http://www.loc.gov/MARC21/slim">

  <leader>02585nam a2200325uu 4500</leader>
  <controlfield tag="001">1293737</controlfield>
  <controlfield tag="005">20260215201831.0</controlfield>
  <controlfield tag="007">cr|||||||</controlfield>
  <controlfield tag="008">120817e20120817                    spa  </controlfield>
  <datafield tag="035" ind1=" " ind2=" ">
    <subfield code="a">1293737</subfield>
  </datafield>
  <datafield tag="040" ind1=" " ind2=" ">
    <subfield code="c">comduadb</subfield>
  </datafield>
  <datafield tag="041" ind1=" " ind2=" ">
    <subfield code="a">spa</subfield>
  </datafield>
  <datafield tag="080" ind1=" " ind2=" ">
    <subfield code="a">EFP</subfield>
  </datafield>
  <datafield tag="100" ind1="1" ind2="0">
    <subfield code="a">Arboleda Mu&#xF1;oz, Elda Enoris</subfield>
    <subfield code="4">aut</subfield>
    <subfield code="e">aut</subfield>
    <subfield code="9">319871</subfield>
  </datafield>
  <datafield tag="245" ind1="1" ind2="0">
    <subfield code="a">Impactos de las NIC/NIIF relacionadas con activos fijos en la estructura financiera de una empresa industrial</subfield>
  </datafield>
  <datafield tag="260" ind1=" " ind2=" ">
    <subfield code="a">Medell&#xED;n :</subfield>
    <subfield code="b">[sin publicador],</subfield>
    <subfield code="c">2012.</subfield>
  </datafield>
  <datafield tag="300" ind1=" " ind2=" ">
    <subfield code="a">63 p&#xE1;ginas</subfield>
  </datafield>
  <datafield tag="500" ind1=" " ind2=" ">
    <subfield code="a">Localizaci&#xF3;n: Centro de Documentaci&#xF3;n CENDOI, 20 -146. Clasificaci&#xF3;n: EFP 07756.</subfield>
  </datafield>
  <datafield tag="520" ind1="3" ind2=" ">
    <subfield code="a">El presente trabajo hace un acercamiento y an&#xE1;lisis al efecto que produce la implementaci&#xF3;n de las NIIF y NIC para Colombia en una empresa industrial desde el enfoque de los indicadores financieros y centrando el an&#xE1;lisis en las normas sobre activos fijos. Para cumplir con el objetivo se seleccion&#xF3; una empresa del sector industrial en la cual la participaci&#xF3;n de los activos fijos en su posici&#xF3;n patrimonial fuera significativamente alta en el periodo de transici&#xF3;n, as&#xED; los registros contables que se tuvieron que realizar para ajustar la contabilidad existente bajo Normas Colombianas a las NIIF tendr&#xED;an un gran efecto en los indicadores financieros y permitir&#xED;an detectar y analizar realmente lo que implica la implementaci&#xF3;n.
Como resultado del an&#xE1;lisis debemos concluir que la implementaci&#xF3;n de las NIIF relacionadas con activos fijos en Colombia debe traer consigo un cambio en las metodolog&#xED;as que vienen utilizando las empresas para realizar sus registros contables, en los conceptos, en la interpretaci&#xF3;n , pero sobre todo un cambio en la mentalidad en muchos casos para hacer frente a los cambios, sobre todo en los periodos de transici&#xF3;n, ya que los an&#xE1;lisis se deben hacer teniendo en cuenta los impactos que la mera implementaci&#xF3;n implica para cada empresa, sector o situaci&#xF3;n espec&#xED;fica, ya que las cifras por s&#xED; solas van a mostrar resultados desfavorables para las compa&#xF1;&#xED;as con las caracter&#xED;sticas analizadas.</subfield>
  </datafield>
  <datafield tag="650" ind1=" " ind2=" ">
    <subfield code="a">Indicadores financieros</subfield>
    <subfield code="9">14059</subfield>
  </datafield>
  <datafield tag="650" ind1=" " ind2=" ">
    <subfield code="a">Financiaci&#xF3;n</subfield>
    <subfield code="9">5111</subfield>
  </datafield>
  <datafield tag="650" ind1=" " ind2=" ">
    <subfield code="a">Normas internacionales de contabilidad (NIC)</subfield>
    <subfield code="9">167781</subfield>
  </datafield>
  <datafield tag="650" ind1=" " ind2="0">
    <subfield code="a">Activos fijos</subfield>
    <subfield code="9">168327</subfield>
  </datafield>
  <datafield tag="650" ind1=" " ind2="7">
    <subfield code="a">Normas Internacionales de Informaci&#xF3;n Financiera</subfield>
    <subfield code="2">armarc</subfield>
    <subfield code="9">866027</subfield>
  </datafield>
  <datafield tag="700" ind1="1" ind2="0">
    <subfield code="a">Rend&#xF3;n Rend&#xF3;n, Carmen Patricia</subfield>
    <subfield code="4">aut</subfield>
    <subfield code="e">aut</subfield>
    <subfield code="9">668626</subfield>
  </datafield>
  <datafield tag="700" ind1="1" ind2="0">
    <subfield code="a">&#xC1;lvarez Osorio, Martha Cecilia</subfield>
    <subfield code="4">ths</subfield>
    <subfield code="e">ths</subfield>
    <subfield code="9">525910</subfield>
  </datafield>
  <datafield tag="942" ind1=" " ind2=" ">
    <subfield code="c">TESIS</subfield>
    <subfield code="n">0</subfield>
  </datafield>
  <datafield tag="999" ind1=" " ind2=" ">
    <subfield code="c">622945</subfield>
    <subfield code="d">622945</subfield>
  </datafield>
  <datafield tag="502" ind1=" " ind2=" ">
    <subfield code="b">189</subfield>
    <subfield code="c">17</subfield>
  </datafield>
  <datafield tag="526" ind1=" " ind2=" ">
    <subfield code="a">191</subfield>
  </datafield>
</record>
